000 00931nas a2200325 4500
001 BR0901480
003 BR-BrBNA
005 20231205113238.0
007 ta
008 230509b bl.|||p| |||| 00| 00por d
040 _aBR-BrBNA
_bpor
_cBiblioteca Nacional de Agricultura
041 _a(Pt)
072 _aL53
100 1 _aFilappi, A.
100 1 _aPrestes, D.
100 1 _aRocha, R.
100 1 _aSchosller, D.R.
100 1 _aBondan, C.
100 1 _aBragança, J.F.
100 1 _aCecim, M.
245 1 _aQualidade seminal e histomorfometria dos órgãos reprodutivos de ovinos tratados com fluoreto de sódio
650 _aOVINO
650 _aREPRODUÇÃO ANIMAL
650 _aSÊMEN
650 _aFLÚOR
650 _aHISTOLOGIA
773 0 _tCiência Rural (Brazil)
_xISSN 0103-8478
_g(Dec 2008), v. 38(9) p. 2561-2566
_wBR0901480
909 _a202311
_bLúcia
_c55
_dLúcia Elande
942 _2AGRIS
_n0
_cANA
999 _c202666
_d202666